00892nam a22001697a 4500008004100000020002900041050001300070100001800083245009400101260006400195300003700259500005100296505028500347650003400632650003400666700002200700120419t xxu||||| |||| 00| 0 eng d a063205249X 9780632052493 aS544.L35 aLeeuwis, Cees aCommunication for rural innovation : rethinking agricultural extension. /cCees, Leeuwis. aOxford : b Ames, Iowa : Iowa State Press, for CTA,c 2004. axi, 412 p. : b ill. ; c 25 cm. aIncludes bibliographical references and index. aContents: Rethinking extention -- The Relations between human practice knowlege and communication -- Innovation as a process of network building social learning and negotiations -- Media, methods and process management -- Organizational and interorganisational issues -- Epilogue. aAgricultural extension work.  aAgriculturex Vulgarisation.  aBan, Van den Anne